[Event "Natal Potiguar-ch op"]
[Site "Natal"]
[Date "2010.09.18"]
[Round "2"]
[White "Lima, Jose Arlindo Costa"]
[Black "Pinto, Carlos Henrique Lop"]
[Result "0-1"]
[WhiteElo "1862"]
[BlackElo "2099"]
[PlyCount "68"]
[EventDate "2010.09.17"]
[EventType "swiss"]
[EventRounds "9"]
[EventCountry "BRA"]
[SourceTitle "EXT 2014"]
[Source "ChessBase"]
[SourceDate "2013.11.20"]
[SourceVersion "1"]
[SourceVersionDate "2013.11.20"]
[SourceQuality "1"]

1. Nf3 Nf6 2. c4 d6 3. d4 Nbd7 4. Nc3 e5 5. Bg5 Be7 6. Qc2 0-0 7. e3 c6 8. Bd3 h6 9. Bh4 exd4 10. exd4 Nh5 11. Bg3 Re8 12. 0-0-0 Ndf6 13. Kb1 Bg4 14. h3 Bxf3 15. gxf3 Nxg3 16. fxg3 d5 17. g4 dxc4 18. Bxc4 b5 19. Bd3 b4 20. g5 hxg5 21. h4 g4 22. Ne2 Nd5 23. Bh7+ Kf8 24. Rdg1 Bf6 25. h5 b3 26. axb3 Qe7 27. Be4 gxf3 28. Bxf3 Nb4 29. Qh7 Qe3 30. h6 g6 31. Nc3 Qxf3 32. Rf1 Qd3+ 33. Ka1 Qxd4 34. Rh3 Qd6 0-1

[Event "Natal zone Norteriograndense"]
[Site "Natal"]
[Date "2009.10.08"]
[Round "1.6"]
[White "Lima, Jose Arlindo Costa"]
[Black "Xavier, Lucca Lucas"]
[Result "0-1"]
[WhiteElo "1904"]
[BlackElo "1972"]
[PlyCount "90"]
[EventDate "2009.10.08"]
[EventType "swiss"]
[EventRounds "5"]
[EventCountry "BRA"]
[SourceTitle "EXT 2022"]
[Source "ChessBase"]
[SourceDate "2021.10.06"]
[SourceVersion "1"]
[SourceVersionDate "2021.10.06"]
[SourceQuality "1"]

1. e4 Nf6 2. d3 e5 3. Nf3 Nc6 4. Nc3 d5 5. Bg5 d4 6. Nd5 Be6 7. Nxf6+ gxf6 8. Bd2 Rg8 9. g3 Qd7 10. h4 0-0-0 11. Qe2 Nb4 12. Bxb4 Bxb4+ 13. Kd1 Bg4 14. a3 Ba5 15. Kc1 f5 16. Bg2 Rge8 17. Kb1 fxe4 18. dxe4 f5 19. Rd1 Qc6 20. exf5 Bb6 21. Re1 Qd5 22. Qe4 Qxe4 23. Rxe4 Bxf5 24. Rxe5 Be4 25. Bh3+ Kb8 26. Rxe8 Rxe8 27. Ng5 Bd5 28. b3 h6 29. Nh7 Re2 30. Nf6 Bf3 31. Nd7+ Ka8 32. Nxb6+ axb6 33. Bf5 Rxf2 34. Kb2 Rg2 35. Re1 Rxg3 36. Re7 c5 37. Re6 h5 38. b4 Ka7 39. Rh6 Rg2 40. Rh7 Rh2 41. Kb3 Bd5+ 42. Ka4 Rxh4 43. Bg6 Bc6+ 44. Kb3 Rh3+ 45. Kc4 Rc3# 0-1

[Event "Potiguar-ch"]
[Site "Natal"]
[Date "2009.09.26"]
[Round "9.4"]
[White "Pinto, Carlos Henrique Lop"]
[Black "Lima, Jose Arlindo Costa"]
[Result "1-0"]
[WhiteElo "2082"]
[BlackElo "1904"]
[PlyCount "67"]
[EventDate "2009.09.18"]
[EventType "tourn"]
[EventRounds "11"]
[EventCountry "BRA"]
[SourceTitle "EXT 2022"]
[Source "ChessBase"]
[SourceDate "2021.10.06"]
[SourceVersion "1"]
[SourceVersionDate "2021.10.06"]
[SourceQuality "1"]

1. d4 Nf6 2. c4 g6 3. Nc3 Bg7 4. e4 d6 5. f4 e6 6. Nf3 0-0 7. Bd3 c5 8. dxc5 dxc5 9. e5 Ne8 10. 0-0 Nc6 11. Qe2 a6 12. Ne4 b6 13. Be3 Qc7 14. h4 Bb7 15. h5 Rd8 16. hxg6 hxg6 17. Rad1 Nb4 18. Bb1 Rxd1 19. Rxd1 Nxa2 20. Nfg5 Nb4 21. Qf2 f5 22. Nxe6 Qc6 23. N4g5 a5 24. Be4 Qxe4 25. Nxe4 Bxe4 26. Qh4 Nd3 27. Ng5 Rf7 28. Qh7+ Kf8 29. Qxg6 Re7 30. Nh7+ Kg8 31. Nf6+ Kf8 32. Nxe8 Rxe8 33. Rxd3 Bxd3 34. Qd6+ 1-0

[Event "Potiguar-ch"]
[Site "Natal"]
[Date "2009.09.20"]
[Round "4.6"]
[White "Lima, Jose Arlindo Costa"]
[Black "Barreto Filho, Carlos Alberto"]
[Result "0-1"]
[WhiteElo "1904"]
[BlackElo "2256"]
[PlyCount "82"]
[EventDate "2009.09.18"]
[EventType "tourn"]
[EventRounds "11"]
[EventCountry "BRA"]
[SourceTitle "EXT 2022"]
[Source "ChessBase"]
[SourceDate "2021.10.06"]
[SourceVersion "1"]
[SourceVersionDate "2021.10.06"]
[SourceQuality "1"]

1. Nf3 d5 2. g3 Nf6 3. Bg2 e6 4. 0-0 Be7 5. d4 0-0 6. Nbd2 b5 7. Re1 c5 8. e4 Bb7 9. exd5 Bxd5 10. Nb3 c4 11. Nc5 Nc6 12. c3 Rc8 13. b4 cxb3 14. axb3 a5 15. Nd3 b4 16. Bb2 bxc3 17. Bxc3 Qb6 18. Rb1 Bxf3 19. Qxf3 Nxd4 20. Bxd4 Qxd4 21. Ne5 Bb4 22. Re3 Nd5 23. Re4 Qc3 24. Qe2 Qc2 25. Qxc2 Rxc2 26. Rc4 Nc3 27. Ra1 Ne2+ 28. Kf1 Rxc4 29. Nxc4 Nd4 30. Nxa5 Bxa5 31. Rxa5 Nxb3 32. Ra7 g6 33. f4 Rc8 34. Rd7 Rc2 35. Kg1 Nd2 36. Kf2 Nc4+ 37. Kf3 e5 38. Bf1 Nd2+ 39. Ke2 Nxf1+ 40. Kxf1 exf4 41. gxf4 Rxh2 0-1

[Event "Potiguar-ch"]
[Site "Natal"]
[Date "2009.09.19"]
[Round "3.1"]
[White "Lima, Jose Arlindo Costa"]
[Black "Macedo, Maximo Igor"]
[Result "0-1"]
[WhiteElo "1904"]
[BlackElo "2195"]
[PlyCount "46"]
[EventDate "2009.09.18"]
[EventType "tourn"]
[EventRounds "11"]
[EventCountry "BRA"]
[SourceTitle "EXT 2022"]
[Source "ChessBase"]
[SourceDate "2021.10.06"]
[SourceVersion "1"]
[SourceVersionDate "2021.10.06"]
[SourceQuality "1"]

1. d4 Nf6 2. c4 g6 3. Nc3 d5 4. Bf4 c6 5. Nf3 Bg7 6. e3 0-0 7. h3 Nbd7 8. Rc1 a6 9. Be2 dxc4 10. Bxc4 b5 11. Bb3 Bb7 12. 0-0 c5 13. a4 c4 14. Ba2 Qb6 15. Ne5 Rfd8 16. Re1 Nh5 17. Nxd7 Rxd7 18. Bh2 e5 19. g4 exd4 20. gxh5 Qc6 21. Nd5 Rxd5 22. e4 Rxh5 23. Qf3 Qd7 0-1

[Event "Natal Potiguar 3rd op"]
[Site "Natal"]
[Date "2008.07.06"]
[Round "7.8"]
[White "Lima, Jose Arlindo Costa"]
[Black "Silva, Alesandro Lira"]
[Result "1-0"]
[WhiteElo "1885"]
[BlackElo "2007"]
[PlyCount "85"]
[EventDate "2008.07.03"]
[EventType "swiss"]
[EventRounds "7"]
[EventCountry "BRA"]
[SourceTitle "EXT 2022"]
[Source "ChessBase"]
[SourceDate "2021.10.06"]
[SourceVersion "1"]
[SourceVersionDate "2021.10.06"]
[SourceQuality "1"]

1. e4 c5 2. Nf3 Nc6 3. g3 e6 4. Bg2 d5 5. exd5 exd5 6. 0-0 Nf6 7. d4 c4 8. Bg5 Be7 9. Re1 0-0 10. Qe2 Re8 11. Bxf6 gxf6 12. h3 Bf5 13. Qd2 Qd7 14. Kh2 Bb4 15. Rxe8+ Rxe8 16. c3 Bf8 17. Na3 Bxa3 18. bxa3 Qe7 19. Re1 Be4 20. Qb2 Qd7 21. h4 a6 22. a4 Nd8 23. Qb4 Qf5 24. Qd6 Rf8 25. Re3 Qe6 26. Qc7 Qc6 27. Qf4 Qxa4 28. Qxf6 Qc6 29. Qe7 Re8 30. Qg5+ Qg6 31. Qxg6+ hxg6 32. Nd2 f5 33. f3 b5 34. fxe4 fxe4 35. a3 a5 36. Bh3 Re7 37. Nf3 Nc6 38. Ng5 Nd8 39. Kg1 b4 40. axb4 axb4 41. cxb4 Rb7 42. Ne6 Nxe6 43. Bxe6+ 1-0

[Event "Natal Magistral 4th C"]
[Site "Natal"]
[Date "2007.05.06"]
[Round "11.2"]
[White "Lima, Jose Arlindo Costa"]
[Black "Ferreira, Francisco Caninde"]
[Result "1-0"]
[WhiteElo "1812"]
[BlackElo "1681"]
[PlyCount "49"]
[EventDate "2007.04.27"]
[EventType "tourn"]
[EventRounds "11"]
[EventCountry "BRA"]
[SourceTitle "EXT 2022"]
[Source "ChessBase"]
[SourceDate "2021.10.06"]
[SourceVersion "1"]
[SourceVersionDate "2021.10.06"]
[SourceQuality "1"]

1. d4 g6 2. c4 Bg7 3. Nc3 d6 4. e4 Nf6 5. Nf3 Nbd7 6. Be2 a6 7. 0-0 0-0 8. Be3 c6 9. a4 e5 10. Qd2 Ng4 11. Rad1 Nxe3 12. fxe3 Qc7 13. b4 Nf6 14. b5 axb5 15. axb5 c5 16. dxe5 dxe5 17. Nd5 Qa5 18. Ne7+ Kh8 19. Qxa5 Rxa5 20. Nxc8 Rxc8 21. Nxe5 Kg8 22. Nd7 Nxe4 23. Bf3 Nc3 24. Rd6 Ra4 25. Nb6 1-0